Model Appointment Letters Service Rules and Standing Orders (Record no. 226414)
[ view plain ]
| 000 -LEADER | |
|---|---|
| fixed length control field | 01027nam a22002777a 4500 |
| 005 - DATE AND TIME OF LATEST TRANSACTION | |
| control field | 20230124112537.0 |
| 008 - FIXED-LENGTH DATA ELEMENTS--GENERAL INFORMATION | |
| fixed length control field | 230124b ||||| |||| 00| 0 eng d |
| 020 ## - INTERNATIONAL STANDARD BOOK NUMBER | |
| International Standard Book Number | 9789393850072 |
| 040 ## - CATALOGING SOURCE | |
| Transcribing agency | AL |
| 041 ## - LANGUAGE CODE | |
| Language code of text/sound track or separate title | English |
| 082 ## - DEWEY DECIMAL CLASSIFICATION NUMBER | |
| Edition number | 23 |
| Classification number | 651.75 |
| Item number | KUMM |
| 100 ## - MAIN ENTRY--PERSONAL NAME | |
| Personal name | H L Kumar |
| 100 ## - MAIN ENTRY--PERSONAL NAME | |
| 9 (RLIN) | 69689 |
| 245 ## - TITLE STATEMENT | |
| Title | Model Appointment Letters Service Rules and Standing Orders |
| 250 ## - EDITION STATEMENT | |
| Edition statement | 7 |
| 260 ## - PUBLICATION, DISTRIBUTION, ETC. | |
| Place of publication, distribution, etc. | New Delhi |
| Name of publisher, distributor, etc. | Law and Justice Publishing Co |
| Date of publication, distribution, etc. | 2023 |
| 300 ## - PHYSICAL DESCRIPTION | |
| Extent | 354 p. |
| Other physical details | PB |
| Dimensions | 23x15 cm. |
| 365 ## - TRADE PRICE | |
| Price type code | 7018 |
| Price amount | ₹476.00 |
| Currency code | ₹ |
| Unit of pricing | ₹595.00 |
| Price note | 20% |
| Price effective from | 05-01-2023 |
| 520 ## - SUMMARY, ETC. | |
| Summary, etc. | * Model Appointment Letters for various categories of employees<br/>* Model Services Rules for establishments, hospitals and private schools<br/>* Model Standing orders for Industrial Establishments |
| 650 ## - SUBJECT ADDED ENTRY--TOPICAL TERM | |
| Topical term or geographic name entry element | Model Service Rules |
| 9 (RLIN) | 69682 |
| 650 ## - SUBJECT ADDED ENTRY--TOPICAL TERM | |
| Topical term or geographic name entry element | Model Standing Orders |
| 9 (RLIN) | 69683 |
| 650 ## - SUBJECT ADDED ENTRY--TOPICAL TERM | |
| Topical term or geographic name entry element | Selection of Employees |
| 9 (RLIN) | 69684 |
| 650 ## - SUBJECT ADDED ENTRY--TOPICAL TERM | |
| Topical term or geographic name entry element | Model Appointment Letters |
| 9 (RLIN) | 69685 |
| 700 ## - ADDED ENTRY--PERSONAL NAME | |
| Personal name | KUMAR (H L) |
| 9 (RLIN) | 69686 |
| 700 ## - ADDED ENTRY--PERSONAL NAME | |
| Personal name | KUMAR (Gaurav) |
| 9 (RLIN) | 69687 |
| 942 ## - ADDED ENTRY ELEMENTS (KOHA) | |
| Source of classification or shelving scheme | Dewey Decimal Classification |
| Koha item type | Book |
| Withdrawn status | Lost status | Source of classification or shelving scheme | Damaged status | Not for loan | Collection code | Home library | Current library | Date acquired | Source of acquisition | Cost, normal purchase price | Total Checkouts | Full call number | Barcode | Date last seen | Cost, replacement price | Koha item type |
|---|---|---|---|---|---|---|---|---|---|---|---|---|---|---|---|---|
| Dewey Decimal Classification | Commerce | St Aloysius Library | St Aloysius Library | 01/19/2023 | Biblios Book Point Surathkal Mangalore 575014 | 476.00 | 651.75 KUMM | 076315 | 01/24/2023 | 595.00 | Book |